| 000 | 01489nam a2200325 i 4500 | ||
|---|---|---|---|
| 003 | EG-ScBUE | ||
| 005 | 20230605102927.0 | ||
| 008 | 200219b f 000 0 eng d | ||
| 040 |
_aEG-ScBUE _beng _erda _cEG-ScBUE _dEG-ScBUE |
||
| 082 | 0 | 4 |
_222 _a547.84 _bNAT |
| 111 | 2 |
_aNATO Advanced Study Institute on Electronic Structure and Properties of Polymers _d(1977 : _cFacultés universities de Namur). |
|
| 245 | 1 | 0 |
_aQuantum theory of polymers : _bproceedings of the NATO Advanced Study Institute on Electronic Structure and Properties of Polymers held at Namur, Belgium, 31 August-14 September 1977 / _cedited by Jean-Marie André, Joseph Delhalle, János Ladik. |
| 264 | 1 |
_aHolland, Netherlands : _bD. Reidel Pub. Co., Dordrecht, _c1978. |
|
| 300 |
_axi, 376 pages : _billustrations ; _c25 cm |
||
| 336 |
_2rdacontent _atext _btxt |
||
| 337 |
_2rdamedia _aunmediated _bn |
||
| 338 |
_2rdacarrier _avolume _bnc |
||
| 490 | 1 |
_aNATO advanced study institutes series : Series C, Mathematical and physical sciences ; _vv. 39 |
|
| 504 | _aIncludes bibliographical references and index. | ||
| 650 | 7 |
_aPolymers _vCongresses. _2BUEsh |
|
| 650 | 7 |
_aPolymerization _vCongresses. _2BUEsh |
|
| 650 | 7 |
_aQuantum chemistry _vCongresses. _2BUEsh |
|
| 655 | _vReading book | ||
| 700 | 1 |
_aAndré, Jean-Marie, _d1944- _eeditor. |
|
| 700 | 1 |
_aDelhalle, Joseph, _d1945- _eeditor. |
|
| 700 | 1 |
_aLadik, János, _eeditor. |
|
| 710 | 2 | _aNorth Atlantic Treaty Organization. | |
| 942 |
_2ddc _cBB |
||
| 948 | _aOCLC | ||
| 999 |
_c30449 _d30420 |
||